প্রেম-দর্পণ / (Record no. 63707)
[ view plain ]
| 000 -LEADER | |
|---|---|
| fixed length control field | 00884nam a2200241 a 4500 |
| 001 - CONTROL NUMBER | |
| control field | 63707 |
| 003 - CONTROL NUMBER IDENTIFIER | |
| rucl marc code | BD-RjUL |
| 005 - DATE AND TIME OF LATEST TRANSACTION | |
| control field | 20211209081226.0 |
| 008 - FIXED-LENGTH DATA ELEMENTS--GENERAL INFORMATION | |
| fixed length control field | 170202s1965 bg ||||| |||| 00| 0 ben d |
| 020 ## - INTERNATIONAL STANDARD BOOK NUMBER | |
| Terms of availability | : TK 1.75 |
| 035 ## - SYSTEM CONTROL NUMBER | |
| System control number | (BD-RjUL) 63836 |
| 040 ## - CATALOGING SOURCE | |
| Original cataloging agency | BD-RjUL |
| Language of cataloging | ben |
| Transcribing agency | BD-RjUL |
| 041 ## - LANGUAGE CODE | |
| Language code of text/sound track or separate title | ben |
| 082 ## - DEWEY DECIMAL CLASSIFICATION NUMBER | |
| Edition number | 23 |
| Classification number | 891.443 |
| Author mark and year | ALP 1965 |
| 100 ## - MAIN ENTRY--PERSONAL NAME | |
| Personal name | আলী, আর্জমন্দ |
| 9 (RLIN) | 178160 |
| 245 10 - TITLE STATEMENT | |
| Title | প্রেম-দর্পণ / |
| Statement of responsibility, etc. | আর্জমন্দু আলী |
| 260 ## - PUBLICATION, DISTRIBUTION, ETC. (IMPRINT) | |
| Place of publication, distribution, etc. | রাজশাহী : |
| Name of publisher, distributor, etc. | মখদুমী লাইব্রেরী, |
| Date of publication, distribution, etc. | ১৯৬৫ |
| 300 ## - PHYSICAL DESCRIPTION | |
| Pagination | ৯২ পৃ. ; |
| Size | ১৭ সেমি. |
| 650 ## - SUBJECT ADDED ENTRY--TOPICAL TERM | |
| Topical term or geographic name as entry element | বাংলা উপন্যাস |
| 9 (RLIN) | 170454 |
| Topical term or geographic name as entry element | Bengali Fictions |
| 9 (RLIN) | 170515 |
| 700 ## - ADDED ENTRY--PERSONAL NAME | |
| Personal name | কাইউম, মোহাম্মদ আবদুল, সম্পাদক |
| 942 ## - ADDED ENTRY ELEMENTS (KOHA) | |
| Source of classification or shelving scheme | Dewey Decimal Classification |
| Koha item type | Books |
| Lost status | Source of classification or shelving scheme | Damaged status | Not for loan | Collection code | Permanent Location | Current Location | Shelving location | Date acquired | Source of acquisition | Cost, normal purchase price | Total Checkouts | Full call number | Date last seen | Copy number | Koha item type |
|---|---|---|---|---|---|---|---|---|---|---|---|---|---|---|---|
| Dewey Decimal Classification | Not For Loan | Fiction | Central Library, University of Rajshahi | Central Library, University of Rajshahi | Reading Room | 05/04/1967 | Prantic, Rajshahi | 1.75 | B 891.443 ALP 1965 | 02/02/2017 | C-1 | Books |